| 000 | 00474nam a22001457a 4500 | ||
|---|---|---|---|
| 005 | 20240314114931.0 | ||
| 008 | 240314b ||||| |||| 00| 0 eng d | ||
| 040 | _cAL | ||
| 041 | _aeng | ||
| 082 |
_223 _a658.8 _bROLE |
||
| 100 |
_aRohith V Shetty _9154253 |
||
| 245 |
_aRole of a Distributor as a Marketing Intermediary in the Process of Marketing: _bA Study of Messers K Madhav Kamath Brother and Co |
||
| 260 |
_aMangalore _bSt Aloysius college _c1996 |
||
| 942 |
_2ddc _cPRO |
||
| 999 |
_c230319 _d230319 |
||